000 00920cam a22002774a 4500
001 12033806
003 ARRUPE
005 20211027110609.0
008 000607s1997 enk b 001 0 eng
010 _a 00362979
020 _a1862070687
040 _aDLC
_cDLC
_dDLC
042 _apcc
050 0 0 _aD16.8
_b.E847 1997
082 0 0 _a901
_221
100 1 _aEvans, Richard J.
_935525
245 1 0 _aIn defence of history /
_cRichard J. Evans.
260 _aLondon :
_bGranta Books,
_c1997.
300 _avii, 307 p. ;
_c23 cm.
504 _aIncludes bibliographical references (p. 284-301) and index.
650 0 _aHistory
_xPhilosophy.
650 0 _aHistory
_xMethodology.
_929422
906 _a7
_bcbc
_corignew
_d3
_encip
_f19
_gy-gencatlg
942 _2lcc
_cMONOGRAPH
999 _c130996
_d130996